000
00189 a2200097 4500
020
_a
9780241377284
041
_a
eng
100
_a
Roald Dahl
245
_a
Billy and the MinPins
942
_c
BK
999
_c
29006
_d
29004